Loading...
| History - American | 1 | 5 | 2 | 2 | 55 | 82 | 120.00 | 0 | 0 | 9.26 | 20.75 |
| History - World | 2 | 2 | 2 | 0 | 40 | 59 | 101.00 | 1 | 2 | 9.02 | 20.47 |
| History - Other | 0 | 4 | 0 | 1 | 40 | 87 | 120.25 | 0 | 0 | 5.87 | 12.78 |
| Philosophy | 0 | 3 | 0 | 1 | 30 | 99 | 129.00 | 0 | 1 | 2.65 | 10.26 |
| History - European | 0 | 4 | 2 | 1 | 30 | 138 | 149.75 | 0 | 0 | 1.26 | 11.36 |
| Literature - British | 0 | 3 | 0 | 1 | 30 | 113 | 131.67 | 0 | 0 | 2.67 | 8.72 |
| Geography | 0 | 3 | 1 | 2 | 25 | 134 | 145.67 | 0 | 0 | 1.91 | 36.45 |
| Religion | 0 | 2 | 0 | 0 | 20 | 107 | 132.00 | 0 | 0 | 1.64 | 6.41 |
| Other Academic | 0 | 2 | 1 | 0 | 15 | 134 | 138.50 | 0 | 0 | 0.25 | 19.44 |
| Modern World | 0 | 2 | 1 | 1 | 15 | 115 | 130.00 | 0 | 0 | 3.94 | 15.28 |
| Science - Biology | 0 | 1 | 0 | 0 | 10 | 152 | 152.00 | 0 | 0 | 0.05 | 3.08 |
| Other Culture | 0 | 1 | 0 | 0 | 10 | 107 | 107.00 | 0 | 1 | 10.02 | 26.67 |
| Other Science (Computer Science) | 0 | 1 | 0 | 0 | 10 | 150 | 150.00 | 0 | 0 | 0.22 | 6.67 |
| Mythology | 0 | 1 | 0 | 0 | 10 | 108 | 108.00 | 0 | 0 | 3.27 | 9.52 |
| Social Science | 1 | 0 | 2 | 0 | 5 | 33 | 33.00 | 1 | 1 | 5.93 | 7.69 |
| Fine Arts - Painting and Sculpture | 0 | 0 | 1 | 0 | -5 | 0.00 | 0 | 0 | 0.00 | 0.00 | |
| Fine Arts - Other Arts | 0 | 0 | 1 | 0 | -5 | 0.00 | 0 | 0 | 0.00 | 0.00 |